000
00298nam a2200133 a 4500
001
4355
003
CDMR
005
20130116135255.0
008
130130s2009||||||||||||||||||||||||||||d
040
_a
CDMR
_b
cat
_c
CPC GIRONA
245
3
_a
El Peatge
_c
Varis
260
_c
2009
_b
Fundació Valvi
942
_c
MON
999
_c
4355
_d
4355